Determination of the oxygen diffusion characteristics in Li-Ti ferrite by isotopic method; Modern Technique and Technologies (MTT' 2002)

Dettagli Bibliografici
Parent link:Modern Technique and Technologies (MTT' 2002).— 2002.— [P. 132-133]
Autore principale: Lysenko E. N. Elena Nikolaevna
Altri autori: Gyngazov (Ghyngazov) S. A. Sergey Anatolievich, Frangulyan (Franguljyan) Т. S. Tamara Semenovna
Riassunto:Title screen
The oxygen diffusion in Li-Ti ferrite, from which the energy of the oxygen diffusion processes activation over the grain boundaries and inside of grains as well as the corresponding preexponential factors were obtained.
Режим доступа: по договору с организацией-держателем ресурса
Lingua:inglese
Pubblicazione: 2002
Soggetti:
Accesso online:http://dx.doi.org/10.1109/SPCMTT.2002.1213769
Natura: MixedMaterials Elettronico Capitolo di libro
KOHA link:https://koha.lib.tpu.ru/cgi-bin/koha/opac-detail.pl?biblionumber=649259

MARC

LEADER 00000nla2a2200000 4500
001 649259
005 20240215140718.0
035 |a (RuTPU)RU\TPU\network\14421 
035 |a RU\TPU\network\2938 
090 |a 649259 
100 |a 20160628a2002 k y0tuty50 ba 
101 0 |a eng 
102 |a RU 
105 |a a z 101zy 
135 |a drcn ---uucaa 
181 0 |a i  
182 0 |a b 
200 1 |a Determination of the oxygen diffusion characteristics in Li-Ti ferrite by isotopic method  |f E. N. Lysenko, S. A. Gyngazov (Ghyngazov), Т. S. Frangulyan (Franguljyan) 
203 |a Text  |c electronic 
300 |a Title screen 
320 |a [References: p. 133 (9 tit.)] 
330 |a The oxygen diffusion in Li-Ti ferrite, from which the energy of the oxygen diffusion processes activation over the grain boundaries and inside of grains as well as the corresponding preexponential factors were obtained. 
333 |a Режим доступа: по договору с организацией-держателем ресурса 
463 0 |0 (RuTPU)RU\TPU\network\2205  |t Modern Technique and Technologies (MTT' 2002)  |o proceedings of the 8th International Scientific and Practical Conference of Students, Post-graduates and Young Scientists, Tomsk, 8-12 April, 2002  |f National Research Tomsk Polytechnic University (TPU) ; Institute of Electrical and Electronics Engineers (IEEE)  |v [P. 132-133]  |d 2002 
610 1 |a электронный ресурс 
610 1 |a труды учёных ТПУ 
610 1 |a отжиг 
610 1 |a ферриты 
610 1 |a соединения титана 
610 1 |a соединения лития 
610 1 |a кислород 
700 1 |a Lysenko  |b E. N.  |c Specialist in the field of electrical engineering  |c Professor of Tomsk Polytechnic University, Doctor of technical sciences  |f 1972-  |g Elena Nikolaevna  |3 (RuTPU)RU\TPU\pers\32050  |9 16097 
701 1 |a Gyngazov (Ghyngazov)  |b S. A.  |c specialist in the field of electronics  |c Professor of Tomsk Polytechnic University, Doctor of technical sciences  |f 1958-  |g Sergey Anatolievich  |3 (RuTPU)RU\TPU\pers\33279  |9 17024 
701 1 |a Frangulyan (Franguljyan)  |b Т. S.  |c specialist in the field of electronics, dielectrics and semiconductors  |c leading researcher of Tomsk Polytechnic University, candidate of physical and mathematical Sciences  |f 1940-  |g Tamara Semenovna  |3 (RuTPU)RU\TPU\pers\33975 
801 2 |a RU  |b 63413507  |c 20200311  |g RCR 
856 4 |u http://dx.doi.org/10.1109/SPCMTT.2002.1213769 
942 |c CF